[Event "29. Friedensfest-Open (AFRO-A)"]
[Site "Augsburg"]
[Date "2024.08.08"]
[Round "1.19"]
[White "Vranckx, Oscar"]
[Black "Merkel, Luis"]
[Result "1/2-1/2"]
[WhiteElo "1937"]
[BlackElo "2053"]
[EventDate "2024.08.08"]
[Time "09:30:00"]
[WhiteNrv "1937"]
[BlackNrv "2053"]
[WhiteTwz "1937"]
[BlackTwz "2053"]
[WhiteFideId "34608788"]
[BlackFideId "12972800"]
[WhiteNatFedId "10733103"]
[BlackNatFedId "10407203"]
[WhiteAttr "M"]
[BlackAttr "M"]
[WhiteTeam "Sfr.Mainz 1928"]
[BlackTeam "SG Buechenbach/Roth e.V."]
[PlyCount "0"]

1.e4 c5 2.Nf3 d6 3.d4 cxd4 4.Nxd4 Nf6 5.Nc3 a6 6.f3 e5 7.Nb3 Be6 8.Be3 Be7
9.Qd2 h5 10.Nd5 Bxd5 11.exd5 Nbd7 12.O-O-O Qc7 13.Kb1 Nb6 14.Qa5 Rc8 15.c3
Bd8 16.Be2 O-O 17.Rhg1 Nbxd5 18.Qxc7 Rxc7 19.Bg5 Be7 20.Na5 Rd8 21.Nc4 b5 
22.Na5 Nb6 23.Be3 Nfd5 24.Bf2 Rb8 25.g3 f6 26.Rd2 Kf7 27.Rgd1 Ke6 28.f4 f5
29.Bxh5 Nf6 30.Bf3 e4 31.Be2 Nc4 32.Nxc4 bxc4 33.Bd4 g6 34.Bxf6 Kxf6 35.
Rd4 Rbc8 36.Rd5 Rc5 37.R1d4 Rxd5 38.Rxd5 Ke6 39.Ra5 Rc6 40.Kc2 1/2-1/2

[Event "29. Friedensfest-Open (AFRO-A)"]
[Site "Augsburg"]
[Date "2024.08.08"]
[Round "1.20"]
[White "Watzenberger, Stefan"]
[Black "Haselbeck, Franz"]
[Result "0-1"]
[WhiteElo "2051"]
[BlackElo "1929"]
[EventDate "2024.08.08"]
[Time "09:30:00"]
[WhiteNrv "2051"]
[BlackNrv "1929"]
[WhiteTwz "2051"]
[BlackTwz "1929"]
[WhiteFideId "12941875"]
[BlackFideId "1270356"]
[WhiteNatFedId "10235251"]
[BlackNatFedId "10075444"]
[WhiteAttr "M"]
[BlackAttr "M"]
[WhiteTeam "SC Sendling e.V."]
[BlackTeam "SG Traunstein/Traunreut e.V."]
[PlyCount "0"]

1.e4 d5 2.exd5 Qxd5 3.Nc3 Qd8 4.d4 Nf6 5.Nf3 c6 6.Bc4 Bf5 7.Ne5 e6 8.g4 
Bg6 9.h4 Bb4 10.Kf1 Nbd7 11.Bf4 Bxc3 12.bxc3 Qa5 13.Nxd7 Nxd7 14.Rh3 h5 
15.Re3 O-O-O 16.Qe2 hxg4 17.Bg3 Bf5 18.Rb1 g5 19.Rb4 gxh4 20.Be5 Nxe5 21.
Rxe5 Qa3 22.Rxf5 Qc1+ 23.Kg2 h3+ 24.Kh2 exf5 25.Qe7 Qf4+ 26.Kh1 Qf3+ 0-1

[Event "29. Friedensfest-Open (AFRO-A)"]
[Site "Augsburg"]
[Date "2024.08.08"]
[Round "1.21"]
[White "Pellegrini, Noah"]
[Black "Weichlein, Paul"]
[Result "0-1"]
[WhiteElo "1919"]
[BlackElo "2045"]
[EventDate "2024.08.08"]
[Time "09:30:00"]
[WhiteNrv "1919"]
[BlackNrv "2045"]
[WhiteTwz "1919"]
[BlackTwz "2045"]
[WhiteFideId "1354094"]
[BlackFideId "4671643"]
[BlackNatFedId "10236793"]
[WhiteAttr "M"]
[BlackAttr "*"]
[WhiteTeam "?"]
[BlackTeam "SAbt TSV Haunstetten"]
[PlyCount "0"]

1.e4 c5 2.Nf3 d6 3.c3 g6 4.d4 cxd4 5.cxd4 Bg7 6.h3 Nc6 7.Nc3 Qa5 8.Be3 Nf6
9.Qd2 O-O 10.Bd3 Re8 11.Nb5 Nb4 12.O-O Nxe4 13.Qe1 Qa4 14.Bxe4 Qxb5 15.a4 
Qh5 16.Qxb4 d5 17.Bc2 Bxh3 18.Ng5 Bxg2 19.Kxg2 Qg4+ 20.Kh2 Be5+ 21.f4 Qe2+
22.Kh1 Qh5+ 23.Kg2 Qg4+ 24.Kf2 Bxf4 25.Bxf4 Qxf4+ 26.Nf3 Rac8 27.Rac1 Rc6 
28.Qd2 Qxd2+ 29.Nxd2 Rec8 30.Ke3 Rxc2 31.Nb3 R8c6 32.Rxc2 Rxc2 33.Rb1 b6 
34.Kd3 Rc4 35.Ra1 a5 36.Nd2 Rc6 37.Ra3 h5 38.Rc3 Rxc3+ 39.bxc3 h4 40.Ke3 
g5 41.c4 e6 42.c5 bxc5 43.dxc5 Kf8 44.Nb3 h3 45.Kf2 Ke7 46.Nxa5 Kd7 47.Nb7
d4 48.Nd6 d3 49.Nc4 Kc7 50.a5 f5 51.a6 g4 52.Nb6 h2 53.a7 h1=Q 54.a8=Q g3+
55.Kxg3 Qxa8 56.Nxa8+ Kb7 57.Kf3 Kxa8 58.Ke3 Kb7 59.Kxd3 e5 60.Kc4 Kc6 61.
Kb4 f4 62.Kc4 f3 63.Kd3 Kxc5 64.Ke3 e4 65.Kf2 Kd4 66.Kf1 Kd3 67.Kf2 e3+ 
68.Ke1 e2 69.Kf2 Kd2 0-1

[Event "29. Friedensfest-Open (AFRO-A)"]
[Site "Augsburg"]
[Date "2024.08.08"]
[Round "1.22"]
[White "Blodig, Vincent"]
[Black "Wietschorke, Jens"]
[Result "1/2-1/2"]
[WhiteElo "2034"]
[BlackElo "1915"]
[EventDate "2024.08.08"]
[Time "09:30:00"]
[WhiteNrv "2034"]
[BlackNrv "1915"]
[WhiteTwz "2034"]
[BlackTwz "1915"]
[WhiteFideId "16297857"]
[BlackFideId "16296176"]
[WhiteNatFedId "10680650"]
[BlackNatFedId "10242290"]
[WhiteAttr "M"]
[BlackAttr "M"]
[WhiteTeam "SF Augsburg"]
[BlackTeam "SK Caissa Augsburg"]
[PlyCount "0"]

1.e4 d5 2.exd5 Nf6 3.Nf3 Bg4 4.h3 Bh5 5.Be2 Nxd5 6.d4 e6 7.O-O Nd7 8.c4 
N5f6 9.Nc3 Bb4 10.Qb3 Bxc3 11.bxc3 b6 12.Ba3 c5 13.Rfd1 Qc7 14.dxc5 bxc5 
15.g4 Bg6 16.g5 Ne4 17.Rxd7 Kxd7 18.Qb5+ Ke7 19.Ne5 Rhc8 20.Nxg6+ hxg6 21.
Bf3 Rab8 22.Qa4 Nxg5 23.Bg2 Rh8 24.Rd1 Nxh3+ 25.Kf1 Rbd8 26.Rxd8 Kxd8 27.
Qd1+ Ke7 28.Qg4 Nf4 29.Bf3 Qe5 30.Bc1 Nd3 31.Be3 Qxc3 32.Qg5+ Kd7 33.Bd2 
Qe5 34.Qg4 Qh5 35.Qe4 Qh3+ 36.Ke2 Nb4 37.Qb7+ Kd6 38.Bxb4 cxb4 39.Qxb4+ 
Ke5 40.Qc3+ Kd6 41.Qb4+ Ke5 42.Qc3+ Kf5 43.Qxg7 Rh7 44.Qc3 Qh4 45.c5 Qd8 
46.c6 f6 47.Qc2+ Kg5 48.Qc1+ Kf5 49.Qb1+ Kg5 50.Qc1+ Kf5 51.Qc5+ e5 52.
Qc2+ Kg5 53.Qc1+ Kf5 54.Qc2+ 1/2-1/2

[Event "29. Friedensfest-Open (AFRO-A)"]
[Site "Augsburg"]
[Date "2024.08.08"]
[Round "1.23"]
[White "Kelemen, Alexander"]
[Black "Seisenberger, Georg"]
[Result "1-0"]
[WhiteElo "1914"]
[BlackElo "2031"]
[EventDate "2024.08.08"]
[Time "09:30:00"]
[WhiteNrv "1914"]
[BlackNrv "2031"]
[WhiteTwz "1914"]
[BlackTwz "2031"]
[WhiteFideId "12906700"]
[BlackFideId "12903574"]
[WhiteNatFedId "10254955"]
[BlackNatFedId "10206064"]
[WhiteAttr "M"]
[BlackAttr "M"]
[WhiteTeam "SC Weisse Dame Ulm e.V."]
[BlackTeam "SV Ilmmuenster"]
[PlyCount "0"]

1.d4 d5 2.c4 e6 3.Nf3 a6 4.cxd5 exd5 5.Nc3 Nf6 6.Bg5 Be7 7.e3 h6 8.Bh4 O-O
9.Qc2 Be6 10.Bd3 Nbd7 11.O-O b5 12.Rac1 Rc8 13.h3 c5 14.dxc5 Nxc5 15.Rfd1 
Nxd3 16.Qxd3 Qb6 17.Nd4 Rfe8 18.Nf5 Bxf5 19.Qxf5 Qe6 20.Qf3 Red8 21.Ne2 
Qe4 22.Qxe4 dxe4 23.Rxd8+ Rxd8 24.Nd4 g5 25.Bg3 Nh5 26.Be5 Bd6 27.Nc6 Bxe5
28.Nxd8 Bxb2 29.Rc6 a5 30.Rc5 a4 31.Rxb5 a3 32.Nb7 Nf6 33.Nd6 1-0

[Event "29. Friedensfest-Open (AFRO-A)"]
[Site "Augsburg"]
[Date "2024.08.08"]
[Round "1.24"]
[White "Soergel, Thomas"]
[Black "Hennig, Konrad"]
[Result "1-0"]
[WhiteElo "2010"]
[BlackElo "1912"]
[EventDate "2024.08.08"]
[Time "09:30:00"]
[WhiteNrv "2010"]
[BlackNrv "1912"]
[WhiteTwz "2010"]
[BlackTwz "1912"]
[WhiteFideId "4667980"]
[BlackFideId "34622519"]
[WhiteNatFedId "10209978"]
[BlackNatFedId "10777014"]
[WhiteAttr "M"]
[BlackAttr "M"]
[WhiteTeam "SK Graefelfing"]
[BlackTeam "FC Bayern Muenchen e.V."]
[PlyCount "0"]

1.c4 e6 2.Nc3 d5 3.d4 a6 4.Bf4 Bd6 5.Bxd6 Qxd6 6.c5 Qe7 7.Nf3 Nd7 8.Qa4 c6
9.e3 e5 10.Nxe5 Nxe5 11.Nxd5 Qd8 12.Nb6 Nd7 13.Nxa8 Ngf6 14.Be2 O-O 15.O-O
Nd5 16.Bf3 N7f6 17.Bxd5 Nxd5 18.Nb6 Nxb6 19.cxb6 Qxb6 20.Qc2 Be6 21.b3 f5 
22.Qc5 Qd8 23.f3 Bd5 24.Rae1 Qh4 25.e4 Bf7 26.g3 Qd8 27.Rf2 h6 28.b4 Qd7 
29.exf5 Bd5 30.g4 h5 31.Qe7 Qc8 32.Qg5 Rf6 33.Qxh5 Bf7 34.Qg5 Qf8 35.a3 
Qd6 36.Qe3 Bd5 37.Qe5 Kh7 38.Qxd6 Rxd6 39.Kg2 Bc4 40.Rd2 Rd7 41.Kg3 Kg8 
42.h4 Kf7 43.Re5 Bd5 44.Kf4 b5 45.Ke3 a5 46.Rc2 axb4 47.axb4 Ra7 48.Rxd5 
Ra3+ 49.Kf4 cxd5 50.Rc5 1-0

[Event "29. Friedensfest-Open (AFRO-A)"]
[Site "Augsburg"]
[Date "2024.08.08"]
[Round "1.25"]
[White "Latka, Richard"]
[Black "Vuong, Anh-Tu"]
[Result "0-1"]
[WhiteElo "1911"]
[BlackElo "2010"]
[EventDate "2024.08.08"]
[Time "09:30:00"]
[WhiteNrv "1911"]
[BlackNrv "2010"]
[WhiteTwz "1911"]
[BlackTwz "2010"]
[WhiteFideId "24690082"]
[BlackFideId "34658920"]
[WhiteNatFedId "10262408"]
[BlackNatFedId "10232351"]
[WhiteAttr "M"]
[BlackAttr "M"]
[WhiteTeam "fuss brothers Jena"]
[BlackTeam "TSV Landsberg 1882"]
[PlyCount "0"]

1.e4 c5 2.Nf3 d6 3.b4 cxb4 4.d4 Nf6 5.Bd3 e5 6.dxe5 dxe5 7.Nxe5 Bc5 8.Bb2 
O-O 9.Nd2 Nc6 10.O-O Re8 11.Nxc6 bxc6 12.e5 Ng4 13.Ne4 Qe7 14.Nxc5 Qxc5 
15.Qe2 Nxe5 16.Rae1 Bg4 17.Qe4 Nf3+ 18.gxf3 Rxe4 19.Bxe4 Bh3 20.f4 Qh5 21.
Re3 Bxf1 22.Kxf1 Rd8 23.Rg3 g6 24.Kg2 Qe2 25.Bd3 Qe6 26.f5 Qxa2 27.Bf6 
Qd5+ 28.Kh3 Re8 29.Bb2 c5 30.Rg5 c4 31.fxg6 Qf3+ 32.Rg3 Qh5+ 33.Kg2 Qd5+ 
34.f3 cxd3 35.gxh7+ Kxh7 36.Rh3+ Kg6 0-1

[Event "29. Friedensfest-Open (AFRO-A)"]
[Site "Augsburg"]
[Date "2024.08.08"]
[Round "1.26"]
[White "Gruettner, Ralf"]
[Black "Fuertler, Oliver"]
[Result "1-0"]
[WhiteElo "1997"]
[BlackElo "1909"]
[EventDate "2024.08.08"]
[Time "09:30:00"]
[WhiteNrv "1997"]
[BlackNrv "1909"]
[WhiteTwz "1997"]
[BlackTwz "1909"]
[WhiteFideId "4638158"]
[BlackFideId "1682490"]
[WhiteNatFedId "10068500"]
[WhiteAttr "M"]
[BlackAttr "M"]
[WhiteTeam "SK Freising"]
[BlackTeam "?"]
[PlyCount "0"]

1.d4 d5 2.c4 c6 3.cxd5 cxd5 4.Nc3 Nf6 5.Bf4 e6 6.e3 Bd6 7.Bxd6 Qxd6 8.Bd3 
O-O 9.Nf3 Nc6 10.Rc1 Bd7 11.O-O Rac8 12.Qe2 Rfd8 13.Rfd1 Qe7 14.h3 h6 15.
Bb1 Kf8 16.Qd2 Ne8 17.Ne5 Nd6 18.Qd3 Qf6 19.Ng4 Qg5 20.f4 Qh5 21.Qf1 Ne7 
22.Qf2 f6 23.Qe2 f5 24.Ne5 Qxe2 25.Nxe2 Nc6 26.Kf2 Nxe5 27.dxe5 Nc4 28.b3 
Nb6 29.Nd4 Ke7 30.Bd3 a6 31.g4 g6 32.Rg1 Rxc1 33.Rxc1 Rc8 34.Rg1 Kf7 35.
Ke2 Rc7 36.Kd2 Nc8 37.gxf5 gxf5 38.Be2 Ne7 39.Bh5+ Kf8 40.Rc1 Rxc1 41.Kxc1
Nc6 42.Nxc6 Bxc6 43.Kd2 b6 44.Kc3 Ke7 45.Be2 Bb7 46.Kb4 Kd7 47.a4 Kc6 48.
a5 b5 49.Bh5 Bc8 50.Be8+ Kc7 51.Kc5 Bb7 52.b4 d4 53.exd4 Bg2 54.h4 Bf3 55.
Bf7 Bd5 56.Bg6 Be4 57.d5 exd5 58.Bf7 d4 59.Kxd4 Bg2 60.Bd5 Bh3 61.Kc5 1-0

[Event "29. Friedensfest-Open (AFRO-A)"]
[Site "Augsburg"]
[Date "2024.08.08"]
[Round "1.27"]
[White "Nagy, Peter"]
[Black "Doll, Luca Fabio"]
[Result "1/2-1/2"]
[WhiteElo "1814"]
[BlackElo "1908"]
[EventDate "2024.08.08"]
[Time "09:30:00"]
[WhiteNrv "1814"]
[BlackNrv "1908"]
[WhiteTwz "1814"]
[BlackTwz "1908"]
[WhiteFideId "34629211"]
[BlackFideId "16282299"]
[WhiteNatFedId "10793259"]
[BlackNatFedId "10672379"]
[WhiteAttr "M"]
[BlackAttr "*"]
[WhiteTeam "Rosenheimer-SV in der"]
[BlackTeam "TSV Langenau"]
[PlyCount "0"]

1.Nf3 d5 2.g3 Nf6 3.Bg2 e6 4.O-O Bd6 5.d4 Nbd7 6.c4 c6 7.b3 O-O 8.Bb2 Ne4 
9.Nbd2 f5 10.e3 Qf6 11.Qc1 Nxd2 12.Nxd2 g5 13.f4 g4 14.Ba3 Bxa3 15.Qxa3 h5
16.b4 Qe7 17.Qc3 h4 18.Rfc1 h3 19.Bf1 Nf6 20.a4 Bd7 21.c5 a6 22.Qb3 Rfb8 
23.b5 axb5 24.axb5 cxb5 25.Bxb5 Bc6 26.Be2 Qd8 27.Qc3 b5 28.Rcb1 Ra4 29.
Bd1 b4 30.Qb2 Rxa1 31.Rxa1 Qc7 32.Qb3 Kf7 33.Kf2 Ng8 34.Be2 Ne7 35.Ra6 Bb5
36.Bxb5 Rxb5 37.Qa4 Qb7 38.Ra7 Qc6 39.Ra6 1/2-1/2

[Event "29. Friedensfest-Open (AFRO-A)"]
[Site "Augsburg"]
[Date "2024.08.08"]
[Round "1.28"]
[White "Hollmann, Thomas"]
[Black "Elsinga, Brian"]
[Result "1-0"]
[WhiteElo "1903"]
[BlackElo "1811"]
[EventDate "2024.08.08"]
[Time "09:30:00"]
[WhiteNrv "1903"]
[BlackNrv "1811"]
[WhiteTwz "1903"]
[BlackTwz "1811"]
[WhiteFideId "12934097"]
[BlackFideId "1089439"]
[WhiteNatFedId "10257099"]
[WhiteAttr "M"]
[BlackAttr "M"]
[WhiteTeam "SG Buechenbach/Roth e.V."]
[BlackTeam "?"]
[PlyCount "0"]

1.e4 c5 2.Nf3 d6 3.d4 cxd4 4.Nxd4 Nf6 5.Nc3 g6 6.Be3 Bg7 7.f3 O-O 8.Qd2 
Nc6 9.O-O-O Nxd4 10.Bxd4 Be6 11.g4 Qa5 12.Kb1 Rac8 13.Nd5 Qxd2 14.Nxe7+ 
Kh8 15.Rxd2 Rc7 16.Nd5 Bxd5 17.exd5 a6 18.c4 Nd7 19.f4 Re8 20.Re2 Rcc8 21.
Bxg7+ Kxg7 22.Rg1 Rxe2 23.Bxe2 Re8 24.Rg2 Re4 25.Rf2 h6 26.h4 f6 27.Kc2 g5
28.hxg5 fxg5 29.fxg5 hxg5 30.Kd3 Nc5+ 31.Kd2 Nd7 32.Rf5 Re5 33.Rxe5 Nxe5 
34.b4 b6 35.Ke3 Kf6 36.Kd4 a5 37.c5 dxc5+ 38.bxc5 bxc5+ 39.Kxc5 Ke7 40.a4 
Kd7 41.Bb5+ Kc7 42.d6+ Kd8 43.Be2 Kd7 44.Kd5 Nf7 45.Bb5+ Kd8 46.Ke6 Nh6 
47.Be2 Ke8 48.Kf6 Kd7 49.Kg7 Nxg4 50.Bxg4+ Kxd6 51.Kf6 Kc5 52.Kxg5 Kb4 53.
Bd7 Kc5 54.Kf5 Kb6 55.Ke5 Kc5 56.Be8 Kb6 57.Kd6 Ka7 58.Kc6 Ka6 59.Bh5 Ka7 
60.Kb5 1-0

[Event "29. Friedensfest-Open (AFRO-A)"]
[Site "Augsburg"]
[Date "2024.08.08"]
[Round "1.29"]
[White "Erhardt, Daniel"]
[Black "Tarasenko, Oleksii"]
[Result "0-1"]
[WhiteElo "1807"]
[BlackElo "1902"]
[EventDate "2024.08.08"]
[Time "09:30:00"]
[WhiteNrv "1807"]
[BlackNrv "1902"]
[WhiteTwz "1807"]
[BlackTwz "1902"]
[WhiteFideId "16249429"]
[BlackFideId "34662316"]
[WhiteNatFedId "10604919"]
[BlackNatFedId "10873809"]
[WhiteAttr "M"]
[BlackAttr "M"]
[WhiteTeam "SC Ostfildern 1952 e.V."]
[BlackTeam "SK Ingolstadt"]
[PlyCount "0"]

1.c4 c6 2.Nc3 d5 3.cxd5 cxd5 4.d4 Nf6 5.g3 Nc6 6.Bg2 Bf5 7.Nf3 e6 8.h3 Bb4
9.Bd2 O-O 10.Nh4 Nxd4 11.e3 Nc2+ 12.Ke2 Nxa1 13.Nxf5 exf5 14.Qxa1 d4 15.
Rd1 dxc3 16.Bxc3 Qb6 17.Bd4 Qb5+ 18.Rd3 Ne4 19.Qd1 Rfd8 20.Bf1 Nc5 21.Bxc5
Rxd3 0-1

[Event "29. Friedensfest-Open (AFRO-A)"]
[Site "Augsburg"]
[Date "2024.08.08"]
[Round "1.30"]
[White "Khamenya, Vitalia"]
[Black "Bilous, Danylo"]
[Result "1-0"]
[WhiteElo "1901"]
[BlackElo "1797"]
[EventDate "2024.08.08"]
[Time "09:30:00"]
[WhiteNrv "1901"]
[BlackNrv "1797"]
[WhiteTwz "1901"]
[BlackTwz "1797"]
[WhiteFideId "12959260"]
[BlackFideId "34130004"]
[WhiteNatFedId "10271198"]
[BlackNatFedId "10754362"]
[WhiteAttr "W"]
[BlackAttr "M"]
[WhiteTeam "SK Graefelfing"]
[BlackTeam "SG Buechenbach/Roth e.V."]
[PlyCount "0"]

1.e4 c5 2.d4 cxd4 3.c3 dxc3 4.Nxc3 d6 5.Bc4 Nc6 6.Nf3 Nf6 7.h3 h6 8.O-O 
Qa5 9.Qb3 Nd8 10.Bd2 Qh5 11.Bb5+ Bd7 12.Bxd7+ Nxd7 13.Nd5 Rc8 14.Rac1 Nc5 
15.Qb5+ Nc6 16.Rxc5 dxc5 17.Qxb7 e6 18.Qxc8+ Nd8 19.Ba5 Be7 20.Nf4 1-0

[Event "29. Friedensfest-Open (AFRO-A)"]
[Site "Augsburg"]
[Date "2024.08.08"]
[Round "1.31"]
[White "Stempfle, Tobias"]
[Black "Stoll, Katja"]
[Result "1-0"]
[WhiteElo "1796"]
[BlackElo "1899"]
[EventDate "2024.08.08"]
[Time "09:30:00"]
[WhiteNrv "1796"]
[BlackNrv "1899"]
[WhiteTwz "1796"]
[BlackTwz "1899"]
[WhiteFideId "24698482"]
[BlackFideId "1271730"]
[WhiteNatFedId "10215172"]
[BlackNatFedId "10216731"]
[WhiteAttr "M"]
[BlackAttr "W"]
[WhiteTeam "SC Garching 1980 e.V."]
[BlackTeam "SC Weisse Dame Ulm e.V."]
[PlyCount "0"]

1.d4 d5 2.c4 c6 3.cxd5 cxd5 4.Bf4 Nc6 5.e3 Nf6 6.Nc3 e6 7.Nf3 Bd6 8.Bxd6 
Qxd6 9.a3 a5 10.Bd3 O-O 11.O-O Nd7 12.Rc1 f5 13.Qc2 Nf6 14.Ne2 Bd7 15.Qc5 
Qb8 16.Nf4 b6 17.Qc2 Rc8 18.Qe2 Qd6 19.Rc2 a4 20.Rfc1 h6 21.Ng6 Ng4 22.h3 
Be8 23.hxg4 Bxg6 24.Ne5 Be8 25.Nxc6 Rxc6 26.Rxc6 Bxc6 27.gxf5 exf5 28.Bxf5
Rf8 29.Bg4 Qf6 30.f4 Be8 31.Qc2 Qe7 32.Qd2 h5 33.Bf3 Qe6 34.Kf2 h4 35.Qc3 
Bb5 36.Qc7 Bc4 37.Qe5 Qd7 38.Rxc4 dxc4 39.Bd5+ Rf7 40.Qh5 Kf8 41.Qxf7+ 
Qxf7 42.Bxf7 Kxf7 43.d5 b5 44.Ke2 b4 45.Kd2 c3+ 46.Kc2 b3+ 47.Kxc3 1-0

[Event "29. Friedensfest-Open (AFRO-A)"]
[Site "Augsburg"]
[Date "2024.08.08"]
[Round "1.32"]
[White "Yaroshenko, Yaroslav"]
[Black "Schrimpf, Michael"]
[Result "1/2-1/2"]
[WhiteElo "1899"]
[BlackElo "1780"]
[EventDate "2024.08.08"]
[Time "09:30:00"]
[WhiteNrv "1899"]
[BlackNrv "1780"]
[WhiteTwz "1899"]
[BlackTwz "1780"]
[WhiteFideId "16204905"]
[BlackFideId "1676237"]
[WhiteNatFedId "10277356"]
[WhiteAttr "M"]
[BlackAttr "M"]
[WhiteTeam "SK Graefelfing"]
[BlackTeam "SF Augsburg"]
[PlyCount "0"]

1.e4 c5 2.d4 cxd4 3.c3 dxc3 4.Nxc3 e6 5.Nf3 a6 6.Bc4 b5 7.Bb3 Bb7 8.Qe2 
Ne7 9.Bf4 Ng6 10.Bg3 Be7 11.O-O O-O 12.Rfd1 d6 13.h4 Qc7 14.h5 Ne5 15.Nxe5
dxe5 16.Rac1 Nc6 17.h6 g6 18.Qg4 Bf6 19.Nd5 exd5 20.exd5 Rac8 21.dxc6 Bxc6
22.Bd5 Bd7 23.Qf3 Qxc1 24.Rxc1 Rxc1+ 25.Kh2 Bg5 26.Bxe5 Be6 27.Bxe6 fxe6 
28.Qb7 Bxh6 29.Qxa6 Rxf2 30.Qxe6+ Rf7 31.Qe8+ Bf8 32.Qxb5 Rc5 33.Qb8 Rf5 
34.Bd6 Rb5 35.Qc7 Bxd6+ 36.Qxd6 Rxb2 37.Qd8+ Rf8 38.Qd5+ Rf7 39.Qd8+ Rf8 
40.Qd5+ Rf7 41.Qd8+ Rf8 1/2-1/2

[Event "29. Friedensfest-Open (AFRO-A)"]
[Site "Augsburg"]
[Date "2024.08.08"]
[Round "1.33"]
[White "Kelembet, Artem"]
[Black "Mittermaier, Johann"]
[Result "1/2-1/2"]
[WhiteElo "1779"]
[BlackElo "1898"]
[EventDate "2024.08.08"]
[Time "09:30:00"]
[WhiteNrv "1779"]
[BlackNrv "1898"]
[WhiteTwz "1779"]
[BlackTwz "1898"]
[WhiteFideId "34684727"]
[BlackFideId "16208382"]
[WhiteNatFedId "10828569"]
[BlackNatFedId "10144722"]
[WhiteAttr "M"]
[BlackAttr "M"]
[WhiteTeam "SV Jedesheim 1921"]
[BlackTeam "SV Deggendorf"]
[PlyCount "0"]

1.Nf3 d5 2.d4 Nf6 3.c4 c6 4.e3 a6 5.Bd3 dxc4 6.Bxc4 e6 7.O-O Be7 8.Nc3 O-O
9.Qe2 b5 10.Bd3 c5 11.Rd1 cxd4 12.exd4 Bb7 13.Bg5 Nbd7 14.Ne5 h6 15.Bh4 
Nd5 16.Qe4 f5 17.Bxe7 Qxe7 18.Nxd5 Bxd5 19.Qe2 Qg5 20.f4 Qd8 1/2-1/2

[Event "29. Friedensfest-Open (AFRO-A)"]
[Site "Augsburg"]
[Date "2024.08.08"]
[Round "1.34"]
[White "Zieringer, Sebastian"]
[Black "Schaefer, Ann-Kathrin"]
[Result "1-0"]
[WhiteElo "1892"]
[BlackElo "1779"]
[EventDate "2024.08.08"]
[Time "09:30:00"]
[WhiteNrv "1892"]
[BlackNrv "1779"]
[WhiteTwz "1892"]
[BlackTwz "1779"]
[WhiteFideId "16222008"]
[BlackFideId "24615412"]
[WhiteNatFedId "10288090"]
[BlackNatFedId "10186026"]
[WhiteAttr "M"]
[BlackAttr "W"]
[WhiteTeam "SK Graefelfing"]
[BlackTeam "SC JAeKLECHEMIE Talente Franken e"]
[PlyCount "0"]

1.e4 c5 2.d4 cxd4 3.c3 dxc3 4.Nxc3 Nc6 5.Nf3 e6 6.Bc4 Bb4 7.O-O Bxc3 8.
bxc3 Nf6 9.e5 Ng4 10.Bf4 Qa5 11.Qe2 Qxc3 12.Rac1 Qa5 13.h3 Ngxe5 14.Nxe5 
Nxe5 15.Bxe5 O-O 16.Bd6 Re8 17.Bd3 Qb6 18.Rfd1 Kh8 19.Qh5 g6 20.Be5+ Kg8 
21.Qh6 1-0

[Event "29. Friedensfest-Open (AFRO-A)"]
[Site "Augsburg"]
[Date "2024.08.08"]
[Round "1.35"]
[White "Thielke, Pascal"]
[Black "Retzlaff, Kian"]
[Result "0-1"]
[WhiteElo "1779"]
[BlackElo "1890"]
[EventDate "2024.08.08"]
[Time "09:30:00"]
[WhiteNrv "1779"]
[BlackNrv "1890"]
[WhiteTwz "1779"]
[BlackTwz "1890"]
[WhiteFideId "16241576"]
[BlackFideId "34606700"]
[WhiteNatFedId "10579625"]
[BlackNatFedId "10742727"]
[WhiteAttr "M"]
[BlackAttr "M"]
[WhiteTeam "SF Bad Groenenbach"]
[BlackTeam "SF 59 Kornwestheim"]
[PlyCount "0"]

1.e4 c5 2.Nc3 Nc6 3.Bb5 Nd4 4.Nf3 a6 5.Bd3 e6 6.O-O g6 7.e5 Bg7 8.Ne4 
Nxf3+ 9.Qxf3 Bxe5 10.Nxc5 Qc7 11.Ne4 Bxh2+ 12.Kh1 Be5 13.Re1 d5 14.Nc3 Ne7
15.b3 O-O 16.Ba3 Bg7 17.Re2 b5 18.Rae1 Rb8 19.Bb4 Rd8 20.Nd1 Nc6 21.Bc3 d4
22.Ba1 Nb4 23.Qg3 Qxg3 24.fxg3 Nxd3 25.cxd3 Bb7 26.Nf2 Rbc8 27.a4 bxa4 28.
bxa4 Bc6 29.a5 Bb5 30.Bb2 Rc2 31.Ba3 Ra2 32.Bc5 Rc8 33.Bb6 Rcc2 34.Kg1 Ra3
35.Ng4 Rxd3 36.Kh2 Rdxd2 37.Rxd2 Rxd2 38.Rc1 h5 0-1

[Event "29. Friedensfest-Open (AFRO-A)"]
[Site "Augsburg"]
[Date "2024.08.08"]
[Round "1.36"]
[White "Bodriyenko, Markiyan"]
[Black "Pachmayr, Stefan"]
[Result "1/2-1/2"]
[WhiteElo "1889"]
[BlackElo "1776"]
[EventDate "2024.08.08"]
[Time "09:30:00"]
[WhiteNrv "1889"]
[BlackNrv "1776"]
[WhiteTwz "1889"]
[BlackTwz "1776"]
[WhiteFideId "34606696"]
[BlackFideId "356285791"]
[WhiteNatFedId "10682789"]
[BlackNatFedId "10136414"]
[WhiteAttr "M"]
[BlackAttr "*"]
[WhiteTeam "SF 59 Kornwestheim"]
[BlackTeam "SF Dachau 1932 e.V."]
[PlyCount "0"]

1.e4 c6 2.Nf3 d5 3.exd5 cxd5 4.Ne5 Nf6 5.d4 Nc6 6.Bf4 e6 7.c3 Bd6 8.Bd3 
O-O 9.Nd2 Qc7 10.Qe2 Bd7 11.g4 Bxe5 12.dxe5 Ne8 13.g5 d4 14.h4 dxc3 15.
bxc3 Ne7 16.O-O Qxc3 17.Rfc1 Qd4 18.Bg3 Rc8 19.Nb3 Rxc1+ 20.Rxc1 Qb6 21.
Bf4 Nd5 22.Bd2 Qd8 23.Qg4 g6 24.Be4 Ng7 25.Na5 Bc8 26.Nc4 Nf5 27.Bxf5 exf5
28.Qd4 b6 29.Nd6 Be6 30.a4 Qd7 1/2-1/2

[Event "29. Friedensfest-Open (AFRO-A)"]
[Site "Augsburg"]
[Date "2024.08.08"]
[Round "1.37"]
[White "Sensoy, Emir"]
[Black "Komarov, Jan"]
[Result "0-1"]
[WhiteElo "1776"]
[BlackElo "1888"]
[EventDate "2024.08.08"]
[Time "09:30:00"]
[WhiteNrv "1776"]
[BlackNrv "1888"]
[WhiteTwz "1776"]
[BlackTwz "1888"]
[WhiteFideId "34607390"]
[BlackFideId "12959430"]
[WhiteNatFedId "10730374"]
[BlackNatFedId "10407248"]
[WhiteAttr "M"]
[BlackAttr "M"]
[WhiteTeam "MSA Zugzwang 82 e.V."]
[BlackTeam "SK Muenchen Suedost e.V."]
[PlyCount "0"]

1.e4 c5 2.Nf3 e6 3.d4 cxd4 4.Nxd4 a6 5.c4 Nf6 6.Nc3 Qc7 7.Be3 Bb4 8.f3 h5 
9.Be2 Nc6 10.Rc1 Qb8 11.a3 Bd6 12.h3 Bf4 13.Bxf4 Qxf4 14.Nxc6 dxc6 15.O-O 
O-O 16.Qc2 e5 17.Bd3 h4 18.Rcd1 Nh5 19.Qf2 Qg5 20.Qd2 Nf4 21.Kh1 Be6 22.
Rf2 Rfd8 23.Qc2 Rd7 24.Ne2 Nh5 25.c5 Rad8 26.Qc1 Qxc1 27.Nxc1 Bc4 28.Rfd2 
Nf4 29.Kg1 Rd4 30.Kf2 Nxd3+ 31.Nxd3 Rxd3 32.Rxd3 Rxd3 33.Rc1 Bb5 34.Rc2 
Ba4 35.Rc4 Bb5 36.Rc2 Rb3 37.Rd2 g5 38.g3 hxg3+ 39.Kxg3 Rd3 40.Rf2 Kh7 41.
Kg4 Kg6 42.h4 gxh4 43.Kxh4 f5 44.Rg2+ Kf6 45.exf5 Rxf3 46.Kg4 Rf4+ 47.Kg3 
Kxf5 48.Rd2 Rd4 49.Rf2+ Ke6 0-1

[Event "29. Friedensfest-Open (AFRO-A)"]
[Site "Augsburg"]
[Date "2024.08.08"]
[Round "1.38"]
[White "Nissen, Christoph"]
[Black "Medvedev, Michael"]
[Result "1-0"]
[WhiteElo "1882"]
[BlackElo "1759"]
[EventDate "2024.08.08"]
[Time "09:30:00"]
[WhiteNrv "1882"]
[BlackNrv "1759"]
[WhiteTwz "1882"]
[BlackTwz "1759"]
[WhiteFideId "34614320"]
[BlackFideId "34650792"]
[WhiteNatFedId "10154652"]
[BlackNatFedId "10691830"]
[WhiteAttr "M"]
[BlackAttr "M"]
[WhiteTeam "SK Caissa Augsburg"]
[BlackTeam "SK Rochade Augsburg"]
[PlyCount "0"]

1.e4 c6 2.d4 d5 3.e5 Bf5 4.h4 h5 5.Nf3 e6 6.Bd3 Bxd3 7.Qxd3 Nd7 8.c4 dxc4 
9.Qxc4 Nb6 10.Qb3 Qd7 11.Nc3 Ne7 12.a4 Nf5 13.a5 Nd5 14.Bg5 Bb4 15.O-O 
Bxc3 16.bxc3 O-O 17.Rab1 b5 18.g3 a6 19.Bc1 Rfc8 20.c4 Nc7 21.Rd1 Rab8 22.
Ba3 bxc4 23.Qxc4 Rb5 24.Bc5 Qd5 25.Qe2 Rxb1 26.Rxb1 Nb5 27.Ng5 Nc3 28.Qxh5
Nh6 29.Rb7 Ne4 30.Nxf7 Nf5 31.Qh8# 1-0